000 00377nam a2200145Ia 4500
008 151213s9999 xx 000 0 und d
100 _aIvan Turgenev
245 _aFathers and Sons, A Rest of The Gentry
_cIvan Turgenev
260 _aMoscow
_bProgress Publishers
_c1977
300 _a6515 p.
650 _aEnglish
650 _aNovel
700 _aIvan Turgenev
999 _c3604
_d3604